[Event "Titled Tuesday intern op 12th Sep Late"]
[Site "Chess.com INT"]
[Date "2023.09.12"]
[Round "2"]
[White "Phillips, Rene"]
[Black "Martin Carmona, Gaston Manuel"]
[Result "0-1"]
[WhiteElo "1852"]
[BlackElo "2371"]
[PlyCount "98"]
[EventDate "2023.09.12"]
[EventType "swiss (blitz)"]
[EventRounds "11"]
[EventCountry "USA"]
[SourceTitle "EXT 2024"]
[Source "ChessBase"]
[SourceDate "2023.10.10"]
[SourceVersion "1"]
[SourceVersionDate "2023.10.10"]
[SourceQuality "1"]

1. d4 Nf6 2. Bf4 c5 3. e3 Nd5 4. Bg3 Qb6 5. Qc1 cxd4 6. exd4 Qxd4 7. Nf3 Qb6 8. Nbd2 e6 9. Nc4 Qc5 10. a3 a5 11. c3 a4 12. Be2 b5 13. Nce5 d6 14. Nd3 Qb6 15. 0-0 Be7 16. Nb4 Bb7 17. Rd1 0-0 18. Qd2 Nd7 19. Bd3 Nxb4 20. axb4 e5 21. Qe2 Bc6 22. Be4 Nf6 23. Bxc6 Qxc6 24. h3 g6 25. Bh4 Kg7 26. Qe3 Nd5 27. Rxd5 Qxd5 28. Bxe7 Rfe8 29. Bg5 f6 30. Bh6+ Kf7 31. Qd2 Qxd2 32. Bxd2 d5 33. Rd1 a3 34. bxa3 Rxa3 35. Ne1 Ke6 36. Kf1 Rea8 37. Nd3 Ra1 38. Nc5+ Kd6 39. Ke2 Rxd1 40. Kxd1 Ra1+ 41. Ke2 Ra2 42. Kd1 d4 43. cxd4 exd4 44. Bf4+ Kd5 45. Bg3 Kc4 46. Nd7 Kd3 47. Kc1 Ke2 48. Nxf6 d3 49. Bf4 d2+ 0-1

[Event "Titled Tuesday intern op 12th Sep Late"]
[Site "Chess.com INT"]
[Date "2023.09.12"]
[Round "1"]
[White "Przybylski, Wojciech"]
[Black "Phillips, Rene"]
[Result "1-0"]
[WhiteElo "2308"]
[BlackElo "1852"]
[PlyCount "39"]
[EventDate "2023.09.12"]
[EventType "swiss (blitz)"]
[EventRounds "11"]
[EventCountry "USA"]
[SourceTitle "EXT 2024"]
[Source "ChessBase"]
[SourceDate "2023.10.10"]
[SourceVersion "1"]
[SourceVersionDate "2023.10.10"]
[SourceQuality "1"]

1. d4 Nc6 2. e4 d5 3. e5 a6 4. Be3 f6 5. f4 Nh6 6. Bf2 Bg4 7. Qd2 e6 8. h3 Bf5 9. Nc3 Bb4 10. Nge2 Be4 11. Rg1 f5 12. g4 g6 13. 0-0-0 Qe7 14. Kb1 0-0-0 15. a3 Ba5 16. Qe1 Bf3 17. Bh4 Bxc3 18. Nxc3 Qd7 19. Bxd8 Bxd1 20. Bf6 1-0

[Event "Titled Tuesday intern op 15th Aug Late"]
[Site "Chess.com INT"]
[Date "2023.08.15"]
[Round "3"]
[White "Phillips, Rene"]
[Black "Castella Garcia, Fausto"]
[Result "1/2-1/2"]
[WhiteElo "1852"]
[BlackElo "2328"]
[PlyCount "113"]
[EventDate "2023.08.15"]
[EventType "swiss (blitz)"]
[EventRounds "11"]
[EventCountry "USA"]
[SourceTitle "EXT 2024"]
[Source "ChessBase"]
[SourceDate "2023.10.10"]
[SourceVersion "1"]
[SourceVersionDate "2023.10.10"]
[SourceQuality "1"]

1. d4 Nf6 2. Bf4 g6 3. e3 Bg7 4. Nf3 0-0 5. h3 d6 6. Nbd2 Nfd7 7. Bc4 e5 8. dxe5 Nxe5 9. Nxe5 dxe5 10. Bg3 Qe7 11. Qe2 b6 12. 0-0 Bb7 13. Rfd1 Nd7 14. Ba6 Bxa6 15. Qxa6 Nc5 16. Qc4 Rad8 17. a4 a5 18. Ne4 Nxe4 19. Qxe4 Qe6 20. Qb7 Qc4 21. Rxd8 Rxd8 22. c3 f5 23. Qf3 Qb3 24. Qe2 h5 25. Bh4 Rd7 26. g4 hxg4 27. hxg4 Qd5 28. gxf5 gxf5 29. Qh5 Qf7 30. Qxf7+ Kxf7 31. Kf1 Rd2 32. Rb1 Ke6 33. Ke1 Rd7 34. Rd1 Rxd1+ 35. Kxd1 Kd5 36. Kc2 e4 37. Bg3 c6 38. b3 Be5 39. Bh4 Bc7 40. Bf6 b5 41. Bh4 bxa4 42. bxa4 Kc4 43. Bf6 Bd6 44. Bd8 Bc5 45. Bxa5 f4 46. Bc7 fxe3 47. fxe3 Bxe3 48. a5 Kb5 49. Kd1 Ba7 50. Ke2 Bg1 51. Bb6 Bxb6 52. axb6 Kxb6 53. Ke3 Kc5 54. Kxe4 Kc4 55. Ke5 c5 56. Kd6 Kxc3 57. Kxc5 1/2-1/2

[Event "Titled Tuesday intern op 18th Jul Early"]
[Site "Chess.com INT"]
[Date "2023.07.18"]
[Round "1"]
[White "Phillips, Rene"]
[Black "Geivondian, Arman"]
[Result "0-1"]
[WhiteElo "1852"]
[BlackElo "2356"]
[PlyCount "36"]
[EventDate "2023.07.18"]
[EventType "swiss (blitz)"]
[EventRounds "11"]
[EventCountry "USA"]
[SourceTitle "EXT 2024"]
[Source "ChessBase"]
[SourceDate "2023.10.10"]
[SourceVersion "1"]
[SourceVersionDate "2023.10.10"]
[SourceQuality "1"]

1. d4 Nf6 2. Bf4 e6 3. e3 c5 4. c3 Nc6 5. Nd2 d6 6. Bd3 cxd4 7. exd4 e5 8. Bg3 exd4 9. cxd4 Nxd4 10. Qa4+ Nc6 11. Ngf3 Be7 12. 0-0 0-0 13. Rfe1 Re8 14. Rad1 Bd7 15. Ne4 Ne5 16. Nxe5 Bxa4 17. Nxf6+ Bxf6 18. b3 Bxe5 0-1

[Event "Titled Tuesday intern op 09th May Late"]
[Site "Chess.com INT"]
[Date "2023.05.09"]
[Round "7"]
[White "Micic, Aleksa"]
[Black "Phillips, Rene"]
[Result "1-0"]
[WhiteElo "2235"]
[BlackElo "1852"]
[PlyCount "67"]
[EventDate "2023.05.09"]
[EventType "swiss (blitz)"]
[EventRounds "11"]
[EventCountry "USA"]
[SourceTitle "CBM 214 Extra"]
[Source "ChessBase"]
[SourceDate "2023.07.31"]
[SourceVersion "1"]
[SourceVersionDate "2023.07.31"]
[SourceQuality "1"]

1. d4 Nc6 2. Nc3 e5 3. d5 Nce7 4. e4 Nf6 5. g3 Ng6 6. Bg2 Bb4 7. Nge2 0-0 8. 0-0 Bxc3 9. Nxc3 d6 10. f4 exf4 11. gxf4 Bg4 12. Bf3 Qd7 13. f5 Bxf3 14. Qxf3 Ne5 15. Qg3 Nh5 16. Qh4 g6 17. Kh1 Kh8 18. Bg5 Rae8 19. Rg1 f6 20. Bh6 Nf3 21. Qf2 Nxg1 22. Bxf8 Nh3 23. Qh4 Rxf8 24. Qxh3 Ng7 25. Rf1 gxf5 26. exf5 Qe7 27. Qf3 Qe5 28. Nb5 Rf7 29. c3 a6 30. Nd4 c5 31. dxc6 bxc6 32. Nxc6 Qb5 33. Nd4 Qxb2 34. Qa8+ 1-0

[Event "Titled Tuesday intern op 09th May Late"]
[Site "Chess.com INT"]
[Date "2023.05.09"]
[Round "9"]
[White "Phillips, Rene"]
[Black "James, Stuart"]
[Result "1-0"]
[WhiteElo "1852"]
[BlackElo "1928"]
[PlyCount "51"]
[EventDate "2023.05.09"]
[EventType "swiss (blitz)"]
[EventRounds "11"]
[EventCountry "USA"]
[SourceTitle "CBM 214 Extra"]
[Source "ChessBase"]
[SourceDate "2023.07.31"]
[SourceVersion "1"]
[SourceVersionDate "2023.07.31"]
[SourceQuality "1"]

1. Nf3 d5 2. d4 Nf6 3. Bf4 e6 4. e3 Bd6 5. Bg3 c5 6. Nbd2 0-0 7. c3 b6 8. Ne5 Ba6 9. Nc6 Nxc6 10. Bxa6 cxd4 11. Bb7 dxc3 12. bxc3 Bxg3 13. hxg3 Qc7 14. Bxa8 Rxa8 15. g4 Ne5 16. g5 Nd3+ 17. Kf1 Qxc3 18. gxf6 Qxf6 19. Nf3 Nc5 20. Qd4 Qg6 21. Rc1 h6 22. Rh4 Ne4 23. Ne5 Qf6 24. Rf4 Qe7 25. Rxf7 Qa3 26. Rcc7 1-0

[Event "Titled Tuesday intern op 02nd May Late"]
[Site "Chess.com INT"]
[Date "2023.05.02"]
[Round "2"]
[White "Phillips, Rene"]
[Black "Pourkashiyan, Atousa"]
[Result "0-1"]
[WhiteElo "1852"]
[BlackElo "2282"]
[PlyCount "70"]
[EventDate "2023.05.02"]
[EventType "swiss (blitz)"]
[EventRounds "11"]
[EventCountry "USA"]
[SourceTitle "EXT 2024"]
[Source "ChessBase"]
[SourceDate "2023.10.10"]
[SourceVersion "1"]
[SourceVersionDate "2023.10.10"]
[SourceQuality "1"]

1. Nf3 d5 2. d4 Nf6 3. Bf4 e6 4. e3 Bd6 5. Bg3 c5 6. Nbd2 Nc6 7. c3 0-0 8. Bd3 Bxg3 9. hxg3 h6 10. Ne5 Nxe5 11. dxe5 Nd7 12. Nf3 f5 13. exf6 Qxf6 14. Qa4 e5 15. e4 c4 16. Bc2 Nc5 17. Qb5 b6 18. 0-0-0 Bd7 19. Qb4 a5 20. Qa3 dxe4 21. Bxe4 Nxe4 22. Rxd7 Nxf2 23. Rd6 Qf5 24. Rf1 Nd3+ 25. Kd1 Rad8 26. Nd2 Nf2+ 27. Kc1 e4 28. Rxd8 Rxd8 29. Nxe4 Qxe4 30. Qa4 Nd3+ 31. Kd2 Nxb2+ 32. Kc1 Nxa4 33. Rd1 Rxd1+ 34. Kxd1 Nxc3+ 35. Kd2 Nd5 0-1

[Event "Titled Tuesday intern op 24th Jan Late"]
[Site "Chess.com INT"]
[Date "2023.01.24"]
[Round "1"]
[White "Iskusnyh, Sergei"]
[Black "Phillips, Rene"]
[Result "1-0"]
[WhiteElo "2443"]
[BlackElo "1852"]
[PlyCount "63"]
[EventDate "2023.01.24"]
[EventType "swiss (blitz)"]
[EventRounds "11"]
[EventCountry "USA"]
[SourceTitle "EXT 2024"]
[Source "ChessBase"]
[SourceDate "2023.10.10"]
[SourceVersion "1"]
[SourceVersionDate "2023.10.10"]
[SourceQuality "1"]

1. d4 Nc6 2. d5 Ne5 3. e4 e6 4. Nf3 Nxf3+ 5. Qxf3 Qf6 6. Be2 exd5 7. exd5 Qxf3 8. Bxf3 Nf6 9. 0-0 Be7 10. Re1 Kd8 11. Nc3 d6 12. Bg5 a6 13. h3 Bf5 14. Re2 h6 15. Rae1 hxg5 16. Rxe7 Re8 17. Rxe8+ Nxe8 18. Be4 Bd7 19. g4 Nf6 20. Bf3 Ng8 21. Ne4 f6 22. Ng3 g6 23. Be4 Ne7 24. c4 b6 25. Bd3 Ke8 26. Ne4 Kf7 27. Re3 a5 28. Rf3 Kg7 29. Rxf6 Rf8 30. Rxf8 Kxf8 31. Nxg5 Ng8 32. Bxg6 1-0

[Event "Titled Tuesday intern op 15th Nov Late"]
[Site "Chess.com INT"]
[Date "2022.11.15"]
[Round "2"]
[White "Phillips, Rene"]
[Black "Sariego Figueredo, Wilfredo"]
[Result "1/2-1/2"]
[WhiteElo "1852"]
[BlackElo "2318"]
[PlyCount "96"]
[EventDate "2022.11.15"]
[EventType "swiss (blitz)"]
[EventRounds "11"]
[EventCountry "USA"]
[SourceTitle "CBM 211 Extra"]
[Source "ChessBase"]
[SourceDate "2023.01.31"]
[SourceVersion "1"]
[SourceVersionDate "2023.01.31"]
[SourceQuality "1"]

1. Nf3 c5 2. b3 d5 3. e3 Nf6 4. Bb2 e6 5. Be2 Be7 6. 0-0 0-0 7. Ne5 Nc6 8. f4 Qc7 9. Nxc6 Qxc6 10. Bf3 b5 11. a4 b4 12. d3 a5 13. Nd2 Bb7 14. Nc4 Qc7 15. Ne5 Nd7 16. Qe1 Nxe5 17. Bxe5 Bd6 18. Bb2 f6 19. Qg3 e5 20. fxe5 Bxe5 21. Bxe5 Qxe5 22. Qxe5 fxe5 23. Bg4 g6 24. Be6+ Kg7 25. Rxf8 Rxf8 26. Rf1 Rf6 27. Bd7 d4 28. e4 Rxf1+ 29. Kxf1 Kf6 30. Kf2 Ke7 31. Bb5 Bc8 32. h3 Kf6 33. Kg3 g5 34. Kf3 h5 35. g4 hxg4+ 36. hxg4 Kg6 37. Kg3 Kf6 38. Kf3 Ke6 39. Bc4+ Kd6 40. Bb5 Bd7 41. Bxd7 Kxd7 42. Kg3 Kd6 43. Kf3 Ke6 44. Kg3 Kf6 45. Kf3 Kg6 46. Kg3 Kf6 47. Kf3 Kg6 48. Kg3 Kf6 1/2-1/2

[Event "Titled Tuesday intern op 08th Nov Late"]
[Site "Chess.com INT"]
[Date "2022.11.08"]
[Round "5"]
[White "Gasparyan, Davit"]
[Black "Phillips, Rene"]
[Result "0-1"]
[WhiteElo "1940"]
[BlackElo "1852"]
[PlyCount "156"]
[EventDate "2022.11.08"]
[EventType "swiss (blitz)"]
[EventRounds "11"]
[EventCountry "USA"]
[SourceTitle "EXT 2024"]
[Source "ChessBase"]
[SourceDate "2023.10.10"]
[SourceVersion "1"]
[SourceVersionDate "2023.10.10"]
[SourceQuality "1"]

1. g3 d5 2. Bg2 c6 3. d3 Bf5 4. Nd2 Nf6 5. e4 Bg6 6. Ne2 e6 7. 0-0 Bc5 8. Nf4 Nbd7 9. c3 dxe4 10. dxe4 Ne5 11. Qe2 Qb6 12. b4 Be7 13. Nc4 Nxc4 14. Qxc4 a6 15. Be3 Qb5 16. Qxb5 axb5 17. f3 0-0 18. Nd3 Rfd8 19. Rfd1 h6 20. Kf2 Nd7 21. Ke2 Ra3 22. Bd4 Rda8 23. Rd2 Bd8 24. Ke3 Bb6 25. f4 Bxd4+ 26. cxd4 Nb6 27. Kf3 Nc4 28. Rdd1 Nb2 29. Bf1 Rc3 30. Rd2 Nc4 31. Rdd1 Raa3 32. Rac1 Nd6 33. f5 exf5 34. e5 Bh5+ 35. Kg2 Bxd1 36. exd6 Rxc1 37. d7 Ra8 38. Nxc1 Rd8 39. Bd3 g6 40. Kf2 Rxd7 41. Ke3 Ba4 42. Ne2 Kg7 43. Nc3 Kf6 44. Be2 Bc2 45. Bf3 Ke7 46. d5 cxd5 47. Bxd5 Rc7 48. Kd4 Be4 49. Bxe4 fxe4 50. Nxe4 Rc4+ 51. Kd5 Rxb4 52. a3 Ra4 53. Nc3 Rxa3 54. Nxb5 Ra5 55. Kc5 Rxb5+ 56. Kxb5 f5 57. Kc4 g5 58. Kd3 Ke6 59. Ke3 b5 60. Kd4 b4 61. Kc4 f4 62. gxf4 gxf4 63. Kxb4 f3 64. Kc3 f2 65. Kd2 f1Q 66. Ke3 Qg2 67. h4 Qg3+ 68. Ke2 Qxh4 69. Kf3 Qg5 70. Ke4 h5 71. Kf3 h4 72. Kf2 h3 73. Kf3 h2 74. Kf2 h1Q 75. Ke2 Qhh4 76. Kd1 Qgg3 77. Ke2 Qhh2+ 78. Kf1 Qgg1# 0-1

[Event "Titled Tuesday intern op 25th Oct Late"]
[Site "Chess.com INT"]
[Date "2022.10.25"]
[Round "7"]
[White "Phillips, Rene"]
[Black "Sailer, Mike L"]
[Result "0-1"]
[WhiteElo "1852"]
[BlackElo "2109"]
[PlyCount "42"]
[EventDate "2022.10.25"]
[EventType "swiss (blitz)"]
[EventRounds "11"]
[EventCountry "USA"]
[SourceTitle "EXT 2024"]
[Source "ChessBase"]
[SourceDate "2023.10.10"]
[SourceVersion "1"]
[SourceVersionDate "2023.10.10"]
[SourceQuality "1"]

1. Nf3 d5 2. d4 Nf6 3. Bf4 Bf5 4. e3 e6 5. c4 c6 6. Qb3 Qb6 7. Nc3 Nbd7 8. c5 Qxb3 9. axb3 a6 10. b4 Rc8 11. h3 h6 12. Be2 g5 13. Bg3 Be7 14. 0-0 Ne4 15. Rfc1 Nxg3 16. fxg3 h5 17. Ne1 Nf6 18. Nd3 Ne4 19. Ne5 Nxg3 20. Bf3 f6 21. Kf2 Ne4+ 0-1

[Event "Titled Tuesday intern op 25th Oct Late"]
[Site "Chess.com INT"]
[Date "2022.10.25"]
[Round "4"]
[White "Rodriguez Santiago, Jaime"]
[Black "Phillips, Rene"]
[Result "1-0"]
[WhiteElo "1997"]
[BlackElo "1852"]
[PlyCount "95"]
[EventDate "2022.10.25"]
[EventType "swiss (blitz)"]
[EventRounds "11"]
[EventCountry "USA"]
[SourceTitle "EXT 2024"]
[Source "ChessBase"]
[SourceDate "2023.10.10"]
[SourceVersion "1"]
[SourceVersionDate "2023.10.10"]
[SourceQuality "1"]

1. c4 Nc6 2. Nc3 e5 3. g3 Bb4 4. Bg2 Bxc3 5. dxc3 d6 6. e4 Nf6 7. Ne2 0-0 8. 0-0 b6 9. b3 Na5 10. a4 c5 11. h3 Be6 12. f4 Ne8 13. f5 Bc8 14. g4 Qh4 15. Be3 Bb7 16. Rb1 Qe7 17. g5 f6 18. g6 h6 19. Ng3 Nc7 20. Qh5 Rfd8 21. Bxh6 gxh6 22. Qxh6 Qg7 23. Qh4 Kf8 24. Nh5 Qe7 25. Nxf6 Qg7 26. Nh7+ Kg8 27. Ng5 Qh8 28. Qxh8+ Kxh8 29. Nf7+ Kg7 30. Nxd8 Rxd8 31. h4 Ne8 32. h5 Nf6 33. Bf3 Bxe4 34. Bxe4 Nxe4 35. b4 Nxc4 36. bxc5 dxc5 37. a5 Ncd2 38. Rfd1 Nf3+ 39. Kg2 Nh4+ 40. Kh3 Rxd1 41. Rxd1 Nf2+ 42. Kxh4 Nxd1 43. Kg5 Nxc3 44. h6+ Kg8 45. g7 Kh7 46. Kf6 e4 47. Kf7 Kxh6 48. g8Q 1-0